000 00435nam a2200157Ia 4500
008 210210b1976 xxu||||| |||| 00| 0 eng d
082 _a657.3 GUTA
100 _aGUTHMANN (Harry G).
245 _aAnalysis of financial statements.
250 _a
260 _aNew Delhi.
_bPrentice-Hall of India Private Limited
_c1976
300 _axi,703
650 _aAnalysis Financial Statements
690 _aAccountancy
906 _aSG01378
999 _c112849
_d112849